Statistics for Countries with a coastline that border landlocked countries

Click here to take the quiz!

General Stats

  • This quiz has been taken 47 times
  • The average score is 50 of 56

Answer Stats

ContinentAnswer% Correct
EuropeFrance
100%
EuropeGermany
100%
South AmericaArgentina
97%
South AmericaBrazil
97%
AsiaChina
97%
EuropeItaly
97%
EuropeRussia
97%
AfricaAlgeria
95%
South AmericaChile
95%
AfricaSouth Africa
95%
EuropeSpain
95%
AfricaBenin
92%
EuropeGreece
92%
AsiaIndia
92%
AsiaIran
92%
AfricaKenya
92%
AfricaLibya
92%
AfricaNigeria
92%
AsiaPakistan
92%
South AmericaPeru
92%
EuropePoland
92%
EuropeRomania
92%
AfricaSomalia
92%
AfricaTogo
92%
AsiaVietnam
92%
AfricaAngola
89%
EuropeBulgaria
89%
AsiaCambodia
89%
EuropeCroatia
89%
AfricaGhana
89%
AfricaIvory Coast
89%
AfricaTanzania
89%
EuropeAlbania
87%
EuropeBelgium
87%
AfricaEritrea
87%
AfricaMozambique
87%
AfricaNamibia
87%
AfricaSenegal
87%
AsiaTurkey
87%
EuropeUkraine
87%
AfricaD. R. Congo
84%
AfricaMauritania
84%
AsiaThailand
84%
EuropeBosnia and Herzegovina
82%
AfricaCameroon
82%
AfricaDjibouti
82%
AsiaGeorgia
82%
AfricaGuinea
82%
EuropeLithuania
82%
AsiaMyanmar
82%
AfricaRep. of the Congo
82%
EuropeSlovenia
79%
AfricaSudan
79%
EuropeLatvia
76%
EuropeMontenegro
74%
AsiaAzerbaijan
68%

Score Distribution

Percentile by Number Answered

Percent of People with Each Score

Your Score History

You have not taken this quiz